00823nam a22002531a 4500001000800000005001700008008004100025010001300066020001500079035000300094040001800097050002200115082002100137100004200158245013800200260004700338300003700385500002800422650002200450650002100472651002400493651002200517710003000539220756420110718131438.0700323r19701937nyuab 001 0 eng  a74100271 a0837128625  aDLCcDLCdDLC00aDT135.M6bN3 197000aDT 135.M6N3 19701 aNalder, Leonard Fielding,d1888-eed.12aA tribal survey of Mongalla province by members of the province staff and Church Missionary Society.cEdited by L. F. Nalder.h[Text] aNew YorkbNegro Universities Pressc[1970] aviii, 232 p. illus., map. 23 cm. aReprint of the 1937 ed. 0aEthnologyzSudan. 0aFolklorezSudan. 0aMongalla (Province) 0aSudanxLanguages.2 aChurch Missionary Society